000 00420cam a2200169ua 4500
020 _c15.00
041 _amal
_h
082 _a894.812301
_bKUT/UR
100 _aKuttikrishnan, Uroob .
245 _aUroobinte theranhetutha kathakal /
_cUroob.
_hTextual Documents
260 _aThrissur :
_bCurrent Books ,
_c1967.
300 _a655 ; .
365 _a15.00
504 _a
942 _cBK
999 _c6542
_d6542